Normal view
MARC view
- Haqqani, Abu Muhammad Abdul Haq Abu Muhammad Abdul Haq Haqqani
Entry Personal Name
001 - CONTROL NUMBER
- control field: 79149
003 - CONTROL NUMBER IDENTIFIER
- control field: NUST
005 - DATE AND TIME OF LATEST TRANSACTION
- control field: 20210628210400.0
008 - FIXED-LENGTH DATA ELEMENTS
- fixed length control field: 210628|| aca||aabn | a|a d
040 ## - CATALOGING SOURCE
- Original cataloging agency: NUST
- Transcribing agency: NUST
100 ## - HEADING--PERSONAL NAME
- Personal name: Haqqani, Abu Muhammad Abdul Haq Abu Muhammad Abdul Haq Haqqani
670 ## - SOURCE DATA FOUND
- Source citation: Work cat.: (NUST): Haqqani, Abu Muhammad Abdul Haq Abu Muhammad Abdul Haq Haqqani, Tafseer-e-haqqani, 1995
